000
nam a22 7a 4500
999
_c
40606
_d
40606
003
OSt
005
20170923110305.0
008
170923b xxu||||| |||| 00| 0 eng d
040
_c
sero soft
100
_a
Lee,Mal
245
_a
Collabaration in learning
260
_a
Austrailia
_b
Acer Press
_c
15-09-2017
300
_a
126
942
_2
ddc
_c
01